000 00482nam a2200157Ia 4500
008 160316s1993 xxu||||| |||| 00| 0 eng d
082 _a344.012000
_bCHA-1
100 _aChander Harish
245 _aContract of employment and management prerogatives
250 _a
260 _aGhaziabad
_bVijaya Publications
_c1993
300 _a322p
_b
_c
365 _bRs.20/-
650 _a1.Labour Law - Employee - Employer - Relations - India 2.Contract of Employment - India
700 _a
_a
999 _c8457
_d8457